| 000 | 00856na a2200289 4500 | ||
|---|---|---|---|
| 001 | 14639 | ||
| 003 | MIRAKIL | ||
| 005 | 20181213155307.0 | ||
| 008 | 160830b tu 000 0 | ||
| 020 | _a9756176687 | ||
| 035 | _a14639 | ||
| 040 |
_aMilas _btur _cTR-AnCHP |
||
| 082 |
_a956.1037 _bA35b 2007 |
||
| 090 | _a956.1037 A35b 2007 | ||
| 100 | _aAhmad, Feroz | ||
| 245 |
_aBir kimlik peşinde Türkiye _cFeroz Ahmad ; çeviren Sedat Cem Karadeli |
||
| 250 | _a2. bs. | ||
| 260 |
_aİstanbul _bİstanbul Bilgi Üniversitesi Yayınları _c2007 |
||
| 300 |
_a274 s. _bfotg. _c23 sm. |
||
| 490 |
_aTarih _v21 |
||
| 490 |
_aİstanbul Bilgi Üniversitesi yayınları _v154 |
||
| 500 | _aDizin var. | ||
| 650 |
_aTarih _xTürkiye _y20. yüzyıl |
||
| 650 |
_aOsmanlı İmparatorluğu _xTarih |
||
| 700 | _aKaradeli, Sedat Cem | ||
| 942 |
_2ddc _cBKS |
||
| 999 |
_c10105 _d10105 |
||